Le gouvernement représentatif / (Record no. 159663)

MARC details
000 -LEADER
campo de control de longitud fija 00939nam a22002535i 4500
001 - NÚMERO DE CONTROL
campo de control 159663
003 - IDENTIFICADOR DE NÚMERO DE CONTROL
campo de control ES-MaACL
005 - FECHA Y HORA DE LA ÚLTIMA TRANSACCIÓN
campo de control 20250920063105.0
008 - DATOS DE LONGITUD FIJA--INFORMACIÓN GENERAL
campo de control de longitud fija 990225s1877 fr |||| | fre d
040 ## - FUENTE DE CATALOGACIÓN
Centro catalogador/agencia de origen CCPB | B
Lengua de catalogación spa
Centro/agencia transcriptor CCPB | B
100 1# - ENTRADA PRINCIPAL--NOMBRE DE PERSONA
Nombre de persona Mill, John Stuart,
Fechas asociadas al nombre 1806-1873
9 (RLIN) 81119
245 13 - MENCIÓN DEL TÍTULO
Título Le gouvernement représentatif /
Mención de responsabilidad, etc. par John-Stuart Mill ; traduit et précédé d´une introduction par M. Dupont-White.
250 ## - MENCION DE EDICION
Mención de edición Troisième édition.
260 ## - PUBLICACIÓN, DISTRIBUCIÓN, ETC.
Lugar de publicación, distribución, etc. Paris :
Nombre del editor, distribuidor, etc. Guillaumin et Cie., Éditeurs,
Fecha de publicación, distribución, etc. 1877.
300 ## - DESCRIPCIÓN FÍSICA
Extensión XLVIII, 456 p. ;
Dimensiones 18 cm.
490 1# - MENCIÓN DE SERIE
Mención de serie Bibliothèque des sciences morales et politiques
597 ## - NOTA DE DESCRIPCIÓN FÍSICA
NOTA DE DESCRIPCIÓN FÍSICA Antep.
650 #4 - PUNTO DE ACCESO ADICIONAL DE MATERIA--TÉRMINO DE MATERIA
Término de materia o nombre geográfico como elemento de entrada Gobierno representativo.
9 (RLIN) 138674
700 1# - ENTRADA AGREGADA--NOMBRE PERSONAL
Nombre de persona Dupont-White, Charles (
Fechas asociadas al nombre 1807-1878)
9 (RLIN) 126877
830 0# - PUNTO DE ACCESO ADICIONAL DE SERIE-TÍTULO UNIFORME
Título uniforme Bibliothèque des sciences morales et politiques
9 (RLIN) 188209
852 ## - LOCALIZACIÓN
Ubicación ES-MaACL
Número de control de estantería D-4633
Nota libre -- Enc. hol.
Holdings
Estatus retirado Estado de pérdida Estado de daño No para préstamo Colección Biblioteca de origen Biblioteca actual Ubicación en estantería Fecha de adquisición Fuente de adquisición Total de préstamos Signatura topográfica completa Código de barras Visto por última vez Precio de reemplazo Tipo de ítem Koha
        Libros del s. XIX Biblioteca del Ateneo de Madrid Biblioteca del Ateneo de Madrid Sala Valle Inclán 17/01/2008     D-4633 901167150 23/02/2023 23/02/2023 Libro impreso antiguo